ბათუმის შოთა რუსთაველის სახელმწიფო უნივერსიტეტის ბიბლიოთეკა

კულტურულ მცენარეთა სელექცია, მეთესლეობა და თესლმცოდნეობა : (ბიბ.ჩანაწერი № 36376)

000 -ლიდერი
ფიქსირებული სიგრძის საკონტროლო ველი 01562nam a2200277Ia 4500
001 - საკონტროლო ნომერი
საკონტროლო ველი 2288
003 - საკონტროლო ნომრის იდენტიფიკატორი
საკონტროლო ველი GE_BSU
005 - ბოლო ოპერაციის თარიღი და დრო
საკონტროლო ველი 20190501121725.0
008 - ფიქსირებული სიგრძის მონაცემთა ელემენტები - ზოგადი ინფორმაცია
ფიქსირებული სიგრძის საკონტროლო ველი 181216s2002||||ge |||||||||||||| ||geo||
020 ## - წიგნის საერთაშორისო სტანდარტული ნომერი
International Standard Book Number 5505016812
040 ## - კატალოგიზაციის წყარო
Transcribing agency GE_BSU
041 ## - ენის კოდი
Language code of text/sound track or separate title geo
080 ## - უნივერსალური ათობითი კლასიფიკაციის ინდექსი
Universal Decimal Classification number 639/635(075.8) კ–89
245 ## - ცნობა სათაურის შესახებ
Title კულტურულ მცენარეთა სელექცია, მეთესლეობა და თესლმცოდნეობა :
Remainder of title სახელმძღვ. მცენარეთა გენეტიკის, სელექციისა და აგროგ. სპეც. სტუდ. /
Statement of responsibility, etc პეტრე ნასყიდაშვილი, მაკა ნასყიდაშვილი, მარიამ სიხარულიძე, შოთა სურგულაძე.
264 ## - წარმოების, გამოცემის, დისტრიბუციის და სხვა ცნობები
გამოცემის, წარმოების, დისტრიბუციის... ადგილი თბილისი :
გამოცემის, წარმოების, დისტრიბუციის... სახელწოდება განათლება,
გამოცემის, წარმოების, დისტრიბუციის... თარიღი 2002.
300 ## - ფიზიკური აღწერა
Extent 592 გვ. ;
Other physical details 20 სმ.
504 ## - BIBLIOGRAPHY, ETC. NOTE
Bibliography, etc ბიბლიოგრ.: გვ. 584.
653 ## - INDEX TERM--UNCONTROLLED
Uncontrolled term სოფლის მეურნეობა
653 ## - INDEX TERM--UNCONTROLLED
Uncontrolled term მცენარეთა სელექცია
653 ## - INDEX TERM--UNCONTROLLED
Uncontrolled term თესლმცოდნეობა
700 ## - ADDED ENTRY--PERSONAL NAME
Personal name ნასყიდაშვილი, პეტრე
Relator term ავტორი
9 (RLIN) 581
700 ## - ADDED ENTRY--PERSONAL NAME
Personal name ნასყიდაშვილი, მაკა
9 (RLIN) 582
700 ## - ADDED ENTRY--PERSONAL NAME
Personal name სიხარულიძე, მარიამ
Relator term ავტორი
9 (RLIN) 583
700 ## - ADDED ENTRY--PERSONAL NAME
Personal name სურგულაძე, შოთა
Relator term ავტორი
9 (RLIN) 584
942 ## - ADDED ENTRY ELEMENTS (KOHA)
Koha item type წიგნი
Source of classification or shelving scheme
ეგზემპლარები
ჩამოწერის სტატუსი დაკარგული ეგზემპლარის სტატუსი კლასიფიკაციის წყარო ან თაროზე გაწყობის სქემა დაზიანების სტატუსი არ გაიცემა მუდმივი მდებარეობა (დაცვის ადგილი) ამჟამინდელი ადგილსამყოფელი თაროზე განთავსების ადგილი შეძენის თარიღი ღირებულება, შესყიდვის ნორმალური ფასი სრული შენახვის შიფრი შტრიხკოდი ბოლო ოპერაციის თარიღი ეგზემპლარის მიმდევრობითი ნომერი (კეტერი?) ფასის ძალაში შესვლის თარიღი ეგზემპლარის სახეობა საჯარო შენიშვნა პერიოდიკის ნუმერაცია / ქრონოლოგია
          აგრარული და მემბრანული ტექნოლოგიების ინსტიტუტის ბიბლიოთეკა აგრარული და მემბრანული ტექნოლოგიების ინსტიტუტის ბიბლიოთეკა წიგნსაცავი 2025-06-13 10.00 639/635(075.8) კ–89 71821 2025-06-13 71821 2025-06-13 წიგნი 10.00  
          ბათუმის შოთა რუსთაველის სახელმწიფო უნივერსიტეტის მთავარი ბიბლიოთეკა ბათუმის შოთა რუსთაველის სახელმწიფო უნივერსიტეტის მთავარი ბიბლიოთეკა წიგნსაცავი 2018-12-17 20.00 639/635(075.8) კ–89 4013 2018-12-17 4013 2018-12-17 წიგნი 20 ლ.  
          ბათუმის შოთა რუსთაველის სახელმწიფო უნივერსიტეტის მთავარი ბიბლიოთეკა ბათუმის შოთა რუსთაველის სახელმწიფო უნივერსიტეტის მთავარი ბიბლიოთეკა წიგნსაცავი 2018-12-17 20.00 639/635(075.8) კ–89 4012 2018-12-17 4012 2018-12-17 წიგნი 20 ლ.  
          ბათუმის შოთა რუსთაველის სახელმწიფო უნივერსიტეტის მთავარი ბიბლიოთეკა ბათუმის შოთა რუსთაველის სახელმწიფო უნივერსიტეტის მთავარი ბიბლიოთეკა წიგნსაცავი 2018-12-17 20.00 639/635(075.8) კ–89 4011 2018-12-17 4011 2018-12-17 წიგნი 20 ლ.  
          ბათუმის შოთა რუსთაველის სახელმწიფო უნივერსიტეტის მთავარი ბიბლიოთეკა ბათუმის შოთა რუსთაველის სახელმწიფო უნივერსიტეტის მთავარი ბიბლიოთეკა წიგნსაცავი 2018-12-17 20.00 639/635(075.8) კ–89 4010 2018-12-17 4010 2018-12-17 წიგნი 20 ლ.  
          ბათუმის შოთა რუსთაველის სახელმწიფო უნივერსიტეტის მთავარი ბიბლიოთეკა ბათუმის შოთა რუსთაველის სახელმწიფო უნივერსიტეტის მთავარი ბიბლიოთეკა წიგნსაცავი 2018-12-17 20.00 639/635(075.8) კ–89 4009 2018-12-17 4009 2018-12-17 წიგნი 20 ლ.  
          ბათუმის შოთა რუსთაველის სახელმწიფო უნივერსიტეტის მთავარი ბიბლიოთეკა ბათუმის შოთა რუსთაველის სახელმწიფო უნივერსიტეტის მთავარი ბიბლიოთეკა წიგნსაცავი 2018-12-17 20.00 639/635(075.8) კ–89 4008 2018-12-17 4008 2018-12-17 წიგნი 20 ლ.  
          ბათუმის შოთა რუსთაველის სახელმწიფო უნივერსიტეტის მთავარი ბიბლიოთეკა ბათუმის შოთა რუსთაველის სახელმწიფო უნივერსიტეტის მთავარი ბიბლიოთეკა წიგნსაცავი 2018-12-17   639/635(075.8) კ–89 4007 2018-12-17 4007 2018-12-17 წიგნი 20.00 20 ლ.